000 00654nam a2200217 i 4500
001 129418
003 ES-MaACL
007 t|
008 070614s1954 sp ||||1| spa d
080 _a82-311.5"19"
080 _a82-7"19"
100 1 _aThayer, Charles W.
_9109877
245 1 3 _aEl telón de caviar /
_cCharles W. Thayer ; [traductor, Guillermo Varela Colmeiro.
260 _aMadrid :
_bRialp,
_c1954.
300 _a346 p. ;
_c18 cm.
490 1 _aNarraciones y novelas ;
_v8
700 1 _aVarela Colmeiro, Guillermo.
_9113149
830 0 _aNarraciones y novelas ;
_v8
_9182922
852 _aES-MaACL
_jC-8868
_bR.36839
999 _c129418
_d129418